The Teotihuacan trinity (Record no. 35492)
[ view plain ]
| 000 -LEADER | |
|---|---|
| fixed length control field | 01980nam a22004214a 4500 |
| 082 04 - DEWEY DECIMAL CLASSIFICATION NUMBER | |
| Classification number | 972 |
| 100 1# - MAIN ENTRY--AUTHOR NAME | |
| Personal name | Headrick, Annabeth. |
| 245 14 - TITLE STATEMENT | |
| Title | The Teotihuacan trinity |
| 250 ## - EDITION STATEMENT | |
| Edition statement | 1st ed. |
| 260 ## - PUBLICATION, DISTRIBUTION, ETC. (IMPRINT) | |
| Place of publication | Austin : |
| Name of publisher | University of Texas Press, |
| Year of publication | 2007. |
| 300 ## - PHYSICAL DESCRIPTION | |
| Number of Pages | xiii, 210 p. : |
| Other physical details | ill., maps, plans. |
| 490 1# - SERIES STATEMENT | |
| Series statement | The William & Bettye Nowlin series in art, history, and culture of the Western Hemisphere |
| 650 #0 - SUBJECT ADDED ENTRY--TOPICAL TERM | |
| Topical Term | Aztecs |
| Topical Term | Aztecs |
| Topical Term | Aztecs |
| Topical Term | Excavations (Archaeology) |
| Topical Term | Social archaeology |
| 856 40 - ELECTRONIC LOCATION AND ACCESS | |
| Uniform Resource Identifier | http://site.ebrary.com/lib/rucke/Doc?id=10245655 |
No items available.
